[Event "BL 8485 Erlangen-Koblenz"]
[Site "?"]
[Date "1985.??.??"]
[Round "?.2"]
[White "Feustel, B."]
[Black "Wolf, V."]
[Result "1-0"]
[WhiteElo "2335"]
[BlackElo "2315"]
[PlyCount "91"]
[EventDate "1985.??.??"]

1. c4 e5 2. Nc3 Nf6 3. g3 d5 4. cxd5 Nxd5 5. Bg2 Nb6 6. d3 Be7 7. f4 exf4 8.
Bxf4 O-O 9. Nf3 Nc6 10. O-O Bg4 11. Rc1 Qd7 12. Kh1 h6 13. a3 Rfe8 14. b4 a6
15. Ne4 Nd5 16. Bd2 Bh3 17. Bxh3 Qxh3 18. Nf2 Qe6 19. e4 Nf6 20. Qc2 Rad8 21.
Bc3 Ng4 22. Nxg4 Qxg4 23. d4 Bd6 24. d5 Na7 25. Rce1 Nb5 26. Bb2 f6 27. Kg2 Re7
28. a4 Na7 29. Nd4 Bxb4 30. Nf5 Red7 31. Re2 Bf8 32. Rf4 Qh5 33. Ref2 Nc8 34.
Rh4 Qe8 35. Rg4 h5 36. Nh6+ Kh8 37. Rgf4 gxh6 38. e5 Rxd5 39. exf6 Qf7 40. Re4
Rc5 41. Qb1 Nd6 42. Re7 Qd5+ 43. Kh3 Nf7 44. Qg6 Rd7 45. Re8 Rd8 46. Qg7# 1-0

[Event "BL 8485 Erlangen-Koblenz"]
[Site "?"]
[Date "1985.??.??"]
[Round "?.3"]
[White "Doncevic, D."]
[Black "Huenerkopf, H."]
[Result "1/2-1/2"]
[WhiteElo "2360"]
[BlackElo "2255"]
[PlyCount "76"]
[EventDate "1985.??.??"]

1. e4 c5 2. c3 Nf6 3. e5 Nd5 4. d4 cxd4 5. Nf3 Nc6 6. Bc4 Nb6 7. Bb3 d6 8. exd6
Qxd6 9. O-O Bf5 10. Nxd4 Nxd4 11. cxd4 e6 12. Nc3 Be7 13. Qf3 O-O 14. d5 Qd7
15. dxe6 Bxe6 16. Rd1 Qc8 17. Bxe6 fxe6 18. Qe4 Bf6 19. Be3 Qc6 20. Qxc6 bxc6
21. Bd4 Rfd8 22. Bxf6 gxf6 23. Kf1 Kf7 24. g3 Ke7 25. Ke2 Rab8 26. Rxd8 Rxd8
27. Rc1 Rd4 28. Nd1 Kd6 29. Ne3 c5 30. b3 Kc6 31. f3 h5 32. h4 f5 33. Nc2 Rd8
34. Nb4+ Kd6 35. Nd3 Rc8 36. Nf4 Rh8 37. Nd3 Rc8 38. Nf4 Rh8 1/2-1/2

[Event "BL 8485 Erlangen-Koblenz"]
[Site "?"]
[Date "1985.??.??"]
[Round "?.4"]
[White "Roeder, F."]
[Black "Weidemann, J."]
[Result "1/2-1/2"]
[WhiteElo "2250"]
[BlackElo "2290"]
[PlyCount "98"]
[EventDate "1985.??.??"]

1. e4 c6 2. c4 e5 3. d4 d6 4. dxe5 dxe5 5. Qxd8+ Kxd8 6. Nc3 Be6 7. Be3 Bb4 8.
O-O-O+ Nd7 9. Kc2 Ngf6 10. f3 Ke7 11. g3 Bc5 12. Bxc5+ Nxc5 13. b4 Na6 14. a3
Nc7 15. Nh3 a5 16. Nf2 axb4 17. axb4 Nd7 18. Be2 Nb6 19. c5 Nc4 20. Ra1 Rhd8
21. Bxc4 Bxc4 22. Rxa8 Rxa8 23. Ng4 f6 24. Ne3 Be6 25. Kb2 Na6 26. Nc2 h5 27.
Rd1 h4 28. g4 Bf7 29. Rd3 g6 30. Nd1 Bc4 31. Rd2 Nc7 32. Nde3 Bf7 33. Ng2 h3
34. Nge3 Ne6 35. Nc4 Nxc5 36. Nd6 Na4+ 37. Kc1 Rb8 38. Nxf7 Kxf7 39. Rd7+ Ke6
40. Rh7 b5 41. Rxh3 Rd8 42. Rh6 g5 43. h4 gxh4 44. g5 Rg8 45. Rxf6+ Kd7 46.
Rf7+ Ke6 47. Rf6+ Kd7 48. Rf7+ Ke6 49. Rf6+ Kd7 1/2-1/2

[Event "BL 8485 Erlangen-Koblenz"]
[Site "?"]
[Date "1985.??.??"]
[Round "?.5"]
[White "Schlick, V."]
[Black "Tischer, G."]
[Result "1/2-1/2"]
[WhiteElo "2320"]
[BlackElo "2335"]
[PlyCount "81"]
[EventDate "1985.??.??"]

1. e4 e6 2. d4 d5 3. Nc3 Bb4 4. e5 c5 5. a3 Bxc3+ 6. bxc3 Nc6 7. a4 Qa5 8. Bd2
Nge7 9. Nf3 Bd7 10. Bb5 f6 11. O-O fxe5 12. c4 Qc7 13. cxd5 exd5 14. dxe5 O-O
15. Bg5 Bg4 16. Bxe7 Nxe7 17. Be2 Rad8 18. Nd2 Bf5 19. f4 d4 20. g4 d3 21. cxd3
Bxd3 22. Rf3 c4 23. Bxd3 Rxd3 24. Rxd3 cxd3 25. Qb3+ Kh8 26. Qb4 Rd8 27. Rf1
Nd5 28. Qe4 Nc3 29. Qe3 Ne2+ 30. Kg2 Rd4 31. Rf3 Qc6 32. Kh3 Qh6+ 33. Kg2 Nxf4+
34. Kh1 Rxa4 35. Qxd3 Ra1+ 36. Nf1 g5 37. Qd8+ Kg7 38. Qe7+ Kg8 39. Qd8+ Kg7
40. Qe7+ Kg8 41. Qd8+ 1/2-1/2

[Event "BL 8485 Erlangen-Koblenz"]
[Site "?"]
[Date "1985.??.??"]
[Round "?.7"]
[White "Brueckner, T."]
[Black "Strobel, W."]
[Result "1-0"]
[WhiteElo "2265"]
[BlackElo "2275"]
[PlyCount "43"]
[EventDate "1985.??.??"]

1. g3 d5 2. Bg2 Nf6 3. f4 c5 4. Nf3 Nc6 5. O-O e6 6. d3 Be7 7. Nc3 O-O 8. e4
Nd4 9. e5 Nd7 10. Ne2 Qb6 11. Nexd4 cxd4 12. Kh1 Nb8 13. g4 Nc6 14. Bh3 f5 15.
exf6 gxf6 16. f5 e5 17. Qe2 Qd8 18. g5 Kh8 19. g6 hxg6 20. Nh4 Kg7 21. Nxg6 Rh8
22. Qg4 1-0

[Event "BL 8485 Bamberg-Zähringen"]
[Site "?"]
[Date "1985.??.??"]
[Round "?.1"]
[White "Herbrechtsmeier, C."]
[Black "Seppeur, R."]
[Result "1/2-1/2"]
[WhiteElo "2325"]
[BlackElo "2310"]
[PlyCount "119"]
[EventDate "1985.??.??"]

1. e4 c5 2. Nf3 d6 3. d4 cxd4 4. Nxd4 Nf6 5. Nc3 g6 6. Be3 Bg7 7. f3 Nc6 8. Qd2
O-O 9. g4 Nxd4 10. Bxd4 Be6 11. O-O-O Qa5 12. a3 Rfc8 13. h4 Rab8 14. h5 b5 15.
h6 Bh8 16. Nd5 Qxd2+ 17. Rxd2 Nxd5 18. exd5 Bxd4 19. Rxd4 Bd7 20. Bd3 Rb6 21.
Rd1 Kf8 22. Be2 Re8 23. f4 e5 24. dxe6 Rxe6 25. Bf3 Ke7 26. g5 Re3 27. Rf1 Bc6
28. Bg4 Bd7 29. Kd2 Rg3 30. Bf3 Be6 31. Ke1 Bc4 32. Rf2 Rg1+ 33. Kd2 a5 34. Bg2
Rb1 35. b3 Be6 36. a4 bxa4 37. Rxa4 Rb5 38. Re2 Rc5 39. Be4 Kd7 40. Re1 Rxe1
41. Kxe1 Bf5 42. Kd2 Ke6 43. Bxf5+ Kxf5 44. Rd4 d5 45. Kd3 f6 46. gxf6 Kxf6 47.
b4 axb4 48. Rxb4 Rc7 49. Rb5 Kf5 50. Rxd5+ Kxf4 51. c4 g5 52. c5 g4 53. Ke2 Kg3
54. Kf1 Rc6 55. Rd3+ Kh2 56. Rd2+ Kh3 57. Rc2 Kg3 58. Rc3+ Kh2 59. Rc2+ Kh3 60.
Kg1 1/2-1/2

[Event "BL 8485 Bamberg-Zähringen"]
[Site "?"]
[Date "1985.??.??"]
[Round "?.2"]
[White "Bartsch, B."]
[Black "Schuh, H."]
[Result "0-1"]
[WhiteElo "2265"]
[BlackElo "2310"]
[PlyCount "90"]
[EventDate "1985.??.??"]

1. e4 c5 2. Nc3 Nc6 3. g3 g6 4. Bg2 Bg7 5. d3 d6 6. Be3 e5 7. Nh3 Nge7 8. O-O
O-O 9. f4 exf4 10. Nxf4 Ne5 11. h3 Bd7 12. Qd2 Bc6 13. Rf2 b5 14. Nfd5 Bxd5 15.
Nxd5 Nxd5 16. exd5 Qc7 17. Re1 Rae8 18. Rfe2 Nd7 19. c3 Nf6 20. d4 Nd7 21. dxc5
Nxc5 22. Bg5 Rxe2 23. Qxe2 Qb6 24. Kh2 Be5 25. a3 a6 26. h4 Na4 27. h5 Re8 28.
Qd2 Nc5 29. Bf4 Nd7 30. Bh3 f5 31. Kh1 Qd8 32. Bf1 Kf7 33. Bxe5 Rxe5 34. Rxe5
Nxe5 35. Qh6 Kg8 36. Qe3 Qc7 37. b3 Kf7 38. hxg6+ hxg6 39. Be2 Kf6 40. Kg2 Qa5
41. c4 bxc4 42. bxc4 Qe1 43. g4 fxg4 44. Qf4+ Kg7 45. Bxg4 Qh4 0-1

[Event "BL 8485 Bamberg-Zähringen"]
[Site "?"]
[Date "1985.??.??"]
[Round "?.4"]
[White "Treppner, G."]
[Black "Miltner, A."]
[Result "1/2-1/2"]
[WhiteElo "2300"]
[BlackElo "2280"]
[PlyCount "111"]
[EventDate "1985.??.??"]

1. d4 Nf6 2. Nf3 d6 3. Nc3 Nbd7 4. e4 e5 5. Bc4 Be7 6. dxe5 dxe5 7. Ng5 O-O 8.
Bxf7+ Rxf7 9. Ne6 Qe8 10. Nxc7 Qd8 11. Nxa8 b5 12. Nd5 Bd6 13. Bg5 Bb7 14.
Nxf6+ Nxf6 15. Qe2 Bxa8 16. O-O-O Bc6 17. Qd3 Rd7 18. Qb3+ Kh8 19. f3 h6 20.
Bh4 Qe7 21. Rd2 Bc5 22. Rxd7 Bxd7 23. Qd3 Qf7 24. Kb1 b4 25. Bxf6 gxf6 26. Rd1
Be6 27. Qd8+ Kg7 28. Qa5 Qe7 29. Qd8 Qb7 30. Qa5 Bd4 31. a3 bxa3 32. Qxa3 Qb5
33. b3 a5 34. Rd3 Qb4 35. Qxb4 axb4 36. Kc1 f5 37. Kd2 Kf6 38. g3 Bc8 39. Rxd4
exd4 40. Kd3 fxe4+ 41. Kxe4 Bb7+ 42. Kxd4 Bxf3 43. Kc4 Bd1 44. Kxb4 Bxc2 45.
Kc3 Be4 46. Kd4 Bg2 47. b4 Bf1 48. Ke4 Kg5 49. Ke5 Bd3 50. Ke6 h5 51. Kf7 Kh6
52. Kf6 Bc4 53. Kf5 Bb5 54. Kf6 Be8 55. Ke7 Bc6 56. Kf6 1/2-1/2

[Event "BL 8485 Bamberg-Zähringen"]
[Site "?"]
[Date "1985.??.??"]
[Round "?.5"]
[White "Raupp, T."]
[Black "Ruehrig, V."]
[Result "0-1"]
[WhiteElo "2275"]
[BlackElo "2375"]
[PlyCount "50"]
[EventDate "1985.??.??"]

1. c4 g6 2. d4 Bg7 3. Nf3 c5 4. e3 Nf6 5. Nc3 O-O 6. Be2 d5 7. O-O Nc6 8. dxc5
dxc4 9. Bxc4 Qa5 10. h3 Qxc5 11. Qe2 e5 12. e4 Be6 13. Bxe6 fxe6 14. Bd2 Nd4
15. Nxd4 exd4 16. Nd1 Qc2 17. Re1 Rac8 18. Rc1 Qa4 19. e5 Rxc1 20. Bxc1 Nd7 21.
Qg4 Nc5 22. Bd2 Rf5 23. f4 Qc2 24. Qe2 Nd3 25. Rf1 Nxf4 0-1

[Event "BL 8485 Koblenz-Bamberg"]
[Site "?"]
[Date "1985.??.??"]
[Round "?.1"]
[White "Seppeur, R."]
[Black "Schulz, KJ."]
[Result "1-0"]
[WhiteElo "2310"]
[BlackElo "2355"]
[PlyCount "100"]
[EventDate "1985.??.??"]

1. e4 d5 2. exd5 Nf6 3. Bb5+ Bd7 4. Be2 Nxd5 5. d4 Bf5 6. a3 e6 7. c4 Nf6 8.
Nc3 Be7 9. Nf3 h6 10. O-O O-O 11. Qb3 Qc8 12. Bf4 c6 13. Rac1 Nbd7 14. Rfd1 Rd8
15. h3 Ne8 16. Rd2 Bd6 17. Bxd6 Nxd6 18. Bd3 Bxd3 19. Rxd3 Qc7 20. Rcd1 Nf5 21.
Qc2 Nf6 22. Qd2 Nd6 23. Qf4 Nb5 24. Ne5 Nxc3 25. bxc3 Rf8 26. Qh4 Rad8 27. Rg3
Kh7 28. Rdd3 Ng8 29. Rdf3 f6 30. Qe4+ f5 31. Qc2 Nf6 32. Rg6 Rde8 33. g4 Ne4
34. h4 Kg8 35. c5 Qe7 36. g5 h5 37. Qe2 Rd8 38. Re3 Rd5 39. Qxh5 Rfd8 40. Rxe4
fxe4 41. Ng4 Rf5 42. Nh6+ Kf8 43. Nxf5 Qf7 44. Qh8+ Qg8 45. Qxg8+ Kxg8 46. Rxe6
Rf8 47. Ng3 Rf3 48. Nxe4 Kf7 49. Re5 Rf4 50. Nd6+ Kg6 1-0

[Event "BL 8485 Koblenz-Bamberg"]
[Site "?"]
[Date "1985.??.??"]
[Round "?.2"]
[White "Wolf, V."]
[Black "Bartsch, B."]
[Result "1-0"]
[WhiteElo "2315"]
[BlackElo "2265"]
[PlyCount "139"]
[EventDate "1985.??.??"]

1. Nf3 d5 2. d4 Nf6 3. c4 e6 4. Nc3 Nbd7 5. cxd5 exd5 6. Bf4 c6 7. e3 Qa5 8.
Bd3 Ne4 9. Bxe4 dxe4 10. Nd2 Nf6 11. O-O Bf5 12. Be5 Nd7 13. Bg3 Nf6 14. a3 Qa6
15. Rc1 Rd8 16. Bh4 Qd3 17. Qc2 Qxc2 18. Rxc2 Rd6 19. Bxf6 Rxf6 20. Ncxe4 Re6
21. f3 Be7 22. Rc3 O-O 23. Nc5 Bxc5 24. Rxc5 Bd3 25. Re1 Rd8 26. Kf2 Bb5 27.
Rc3 b6 28. b4 Kf8 29. Ra1 Ba4 30. Nc4 c5 31. bxc5 bxc5 32. dxc5 Rd5 33. Rac1
Rxc5 34. Nb2 Rxc3 35. Rxc3 Be8 36. Nd3 Rb6 37. h4 a5 38. e4 a4 39. Nb4 Rb8 40.
Ke3 g6 41. g4 h6 42. Rc7 Rd8 43. Nd5 Rb8 44. g5 hxg5 45. hxg5 Bb5 46. Kf4 Be2
47. Nc3 Bf1 48. Nxa4 Ra8 49. Nc5 Rxa3 50. Nd7+ Ke8 51. Ne5 Be2 52. Rc8+ Ke7 53.
Rc7+ Ke8 54. Rxf7 Bxf3 55. Rg7 Bg2 56. Rxg6 Ke7 57. Rc6 Ra1 58. Ng6+ Kf7 59.
Ne5+ Ke7 60. Nd3 Rg1 61. Nc5 Bh3 62. g6 Rg4+ 63. Ke5 Rg5+ 64. Kd4 Rg1 65. Ra6
Rg5 66. Rb6 Rg1 67. Nd3 Rd1 68. Ke3 Bg2 69. g7 Kf7 70. g8=Q+ 1-0

[Event "BL 8485 Koblenz-Bamberg"]
[Site "?"]
[Date "1985.??.??"]
[Round "?.4"]
[White "Weidemann, J."]
[Black "Treppner, G."]
[Result "0-1"]
[WhiteElo "2290"]
[BlackElo "2300"]
[PlyCount "104"]
[EventDate "1985.??.??"]

1. d4 Nf6 2. Nc3 d6 3. e4 g6 4. g3 Bg7 5. Bg2 O-O 6. Nge2 Na6 7. f4 c5 8. d5
Nc7 9. a4 e6 10. dxe6 Bxe6 11. O-O Qd7 12. f5 gxf5 13. exf5 Bxf5 14. Bg5 Qe6
15. Nf4 Qe3+ 16. Kh1 Ne4 17. Ncd5 Nxd5 18. Qxd5 Be5 19. Bh6 Nf2+ 20. Rxf2 Qxf2
21. Rf1 Qxc2 22. b3 Rfe8 23. Qf3 Bg6 24. h4 Bg7 25. Bxg7 Kxg7 26. Rf2 Qc1+ 27.
Kh2 Qe3 28. g4 Qxf3 29. Bxf3 Be4 30. Nh5+ Kf8 31. Be2 d5 32. Bb5 Re6 33. Nf4
Rd6 34. g5 a6 35. Be2 d4 36. Bh5 Bg6 37. Bg4 d3 38. Ne6+ Kg8 39. Nxc5 d2 40.
Bd1 Rc8 41. Nxb7 Rd7 42. Na5 Rc1 43. Bg4 d1=Q 44. Bxd1 Rcxd1 45. Nc4 R1d4 46.
Kg3 Rd3+ 47. Kf4 R3d4+ 48. Kg3 Bd3 49. Ne5 R7d5 50. Ng4 Bg6 51. Nf6+ Kg7 52.
Nxd5 Rxd5 0-1

[Event "BL 8485 Koblenz-Bamberg"]
[Site "?"]
[Date "1985.??.??"]
[Round "?.5"]
[White "Ruehrig, V."]
[Black "Schlick, V."]
[Result "0-1"]
[WhiteElo "2375"]
[BlackElo "2320"]
[PlyCount "56"]
[EventDate "1985.??.??"]

1. d4 g6 2. e4 Bg7 3. Nc3 c5 4. dxc5 Qa5 5. Nge2 Nf6 6. Bd2 Qxc5 7. h3 d6 8. g4
Nc6 9. Bg2 Bd7 10. Nf4 Ne5 11. g5 Nh5 12. Nxh5 gxh5 13. Nd5 Rc8 14. Bc3 e6 15.
Ne3 Bb5 16. a4 Nf3+ 17. Bxf3 Bxc3+ 18. bxc3 Qxc3+ 19. Qd2 Qxa1+ 20. Bd1 Ba6 21.
Qxd6 Qc3+ 22. Qd2 Qe5 23. Bxh5 O-O 24. Qb4 Rfd8 25. Bd1 Rc4 26. Qa3 Rc3 27. Qc1
Qxe4 28. Rg1 Qb4 0-1

[Event "BL 8485 Koblenz-Bamberg"]
[Site "?"]
[Date "1985.??.??"]
[Round "?.6"]
[White "Andruet, G."]
[Black "Kestler, H."]
[Result "1/2-1/2"]
[WhiteElo "2400"]
[BlackElo "2410"]
[PlyCount "32"]
[EventDate "1985.??.??"]

1. d4 Nf6 2. c4 d6 3. Nc3 e5 4. Nf3 Nbd7 5. e4 Be7 6. Be2 O-O 7. O-O c6 8. Be3
a5 9. Nd2 Ne8 10. Qc2 Bg5 11. Bxg5 Qxg5 12. Rad1 Nc7 13. Nf3 Qe7 14. Rd2 Nf6
15. Rfd1 Bg4 16. Ne1 Bxe2 1/2-1/2

[Event "BL 8485 Zähringen-Erlangen"]
[Site "?"]
[Date "1985.??.??"]
[Round "?.1"]
[White "Heidrich, M."]
[Black "Herbrechtsmeier, C."]
[Result "1/2-1/2"]
[WhiteElo "2260"]
[BlackElo "2325"]
[PlyCount "82"]
[EventDate "1985.??.??"]

1. e4 e5 2. Nf3 Nc6 3. Nc3 g6 4. d4 exd4 5. Nxd4 Bg7 6. Be3 d6 7. Qd2 Nge7 8.
Be2 O-O 9. O-O-O Nxd4 10. Bxd4 Nc6 11. Bxg7 Kxg7 12. Nd5 Be6 13. Qc3+ f6 14. f4
Bxd5 15. exd5 Ne7 16. Bg4 c6 17. Be6 cxd5 18. Rhe1 Qb6 19. g4 Qc5 20. Qxc5 dxc5
21. Bxd5 Nxd5 22. Rxd5 Rf7 23. Rxc5 Rd8 24. Rd1 Re8 25. Rcd5 Re2 26. R5d2 Re4
27. Rd4 Re2 28. R4d2 Re4 29. Rd7 Rxf4 30. Rxf7+ Kxf7 31. Rd7+ Ke6 32. Rxb7 Rxg4
33. Rxa7 Rg2 34. a4 f5 35. a5 f4 36. Kd1 f3 37. Ke1 Rxc2 38. Rb7 Rxh2 39. a6
Rh1+ 40. Kf2 Ra1 41. Rb6+ Kd5 1/2-1/2

[Event "BL 8485 Zähringen-Erlangen"]
[Site "?"]
[Date "1985.??.??"]
[Round "?.2"]
[White "Schuh, H."]
[Black "Feustel, B."]
[Result "1/2-1/2"]
[WhiteElo "2310"]
[BlackElo "2335"]
[PlyCount "28"]
[EventDate "1985.??.??"]

1. d4 d6 2. c4 g6 3. g3 Bg7 4. Bg2 Nd7 5. Nf3 e6 6. O-O Ne7 7. Nc3 O-O 8. Qc2
Rb8 9. Nb5 a6 10. Na7 c5 11. dxc5 Nxc5 12. Nxc8 Rxc8 13. Bf4 e5 14. Bg5 h6
1/2-1/2

[Event "BL 8485 Zähringen-Erlangen"]
[Site "?"]
[Date "1985.??.??"]
[Round "?.3"]
[White "Huenerkopf, H."]
[Black "Vatter, H."]
[Result "1-0"]
[WhiteElo "2255"]
[BlackElo "2250"]
[PlyCount "89"]
[EventDate "1985.??.??"]

1. e4 c5 2. Nf3 Nc6 3. d4 cxd4 4. Nxd4 g6 5. c4 Nf6 6. Nc3 Nxd4 7. Qxd4 d6 8.
Bg5 Bg7 9. Qd2 O-O 10. Be2 Be6 11. Rc1 Qa5 12. b3 Rfc8 13. f3 a6 14. Na4 Qxd2+
15. Kxd2 Rc6 16. Nc3 h6 17. Be3 Rac8 18. Nd5 Bxd5 19. exd5 R6c7 20. Bb6 Rd7 21.
Bd3 Ne8 22. h4 h5 23. Rce1 Nc7 24. g4 Bc3+ 25. Kxc3 Nxd5+ 26. Kb2 Nxb6 27. gxh5
gxh5 28. Rhg1+ Kf8 29. Rg5 e6 30. Rxh5 Ke7 31. Be4 Rg8 32. Re2 Rg3 33. a4 Rc7
34. Rh2 Kf6 35. Rh8 Nd7 36. h5 Kg7 37. Re8 Kh6 38. Re7 f5 39. Rxe6+ Kg5 40.
Rg6+ Kf4 41. Rh4+ Rg4 42. fxg4 fxe4 43. Rg7 e3 44. Rh1 e2 45. h6 1-0

[Event "BL 8485 Zähringen-Erlangen"]
[Site "?"]
[Date "1985.??.??"]
[Round "?.4"]
[White "Miltner, A."]
[Black "Roeder, F."]
[Result "1/2-1/2"]
[WhiteElo "2280"]
[BlackElo "2250"]
[PlyCount "129"]
[EventDate "1985.??.??"]

1. d4 d5 2. Nf3 Nf6 3. c4 c6 4. Qc2 g6 5. Bf4 Bg7 6. e3 Bf5 7. Qb3 Qb6 8. Nc3
Nbd7 9. h3 dxc4 10. Bxc4 Qxb3 11. Bxb3 h6 12. g4 Be4 13. Nxe4 Nxe4 14. Ke2 e6
15. Rac1 Ke7 16. Ne5 Bxe5 17. dxe5 g5 18. Bh2 h5 19. Bc2 Nec5 20. Bg3 Nb6 21.
Bb1 Ncd7 22. Be4 Rad8 23. f4 f6 24. fxg5 fxg5 25. gxh5 Rxh5 26. Bf3 Rh7 27. h4
g4 28. Be4 Rh5 29. Bg6 Rdh8 30. Bxh5 Rxh5 31. e4 Nf8 32. Bf4 Nbd7 33. Rcg1 Ng6
34. Rxg4 Nxf4+ 35. Rxf4 Nxe5 36. Rg1 Rh7 37. b3 b6 38. Rg3 c5 39. Kf2 b5 40.
Kg2 Kd6 41. Kh3 c4 42. Rf8 Rc7 43. Rd8+ Ke7 44. Rd1 c3 45. Rg5 c2 46. Rc1 Rc3+
47. Rg3 Nd3 48. Rxc2 Rxc2 49. Rxd3 Rxa2 50. h5 Kf6 51. Rg3 Ra1 52. Kg2 Ra2+ 53.
Kf3 Rh2 54. Rg6+ Kf7 55. Rh6 a5 56. Kf4 a4 57. bxa4 bxa4 58. Ke5 a3 59. Rh7+
Kg8 60. Ra7 Rxh5+ 61. Kxe6 Rh3 62. e5 Re3 63. Kd6 Kf8 64. Ke6 Rb3 65. Kf6
1/2-1/2

[Event "BL 8485 Solingen-Delmenhorst"]
[Site "?"]
[Date "1985.??.??"]
[Round "?.4"]
[White "Dueball, J."]
[Black "Juhnke, K."]
[Result "1/2-1/2"]
[WhiteElo "2445"]
[BlackElo "2325"]
[PlyCount "56"]
[EventDate "1985.??.??"]

1. d4 Nf6 2. c4 c5 3. d5 b5 4. cxb5 a6 5. bxa6 Bxa6 6. Nc3 g6 7. e4 Bxf1 8.
Kxf1 d6 9. g3 Bg7 10. Kg2 O-O 11. Nge2 Qb6 12. Rb1 Nbd7 13. b3 Qa6 14. Qc2 Rfb8
15. Rd1 Ne8 16. Be3 Qa3 17. Bc1 Qa6 18. a4 Qb7 19. Nb5 Nc7 20. Nxc7 Qxc7 21.
Bd2 Qa7 22. Nc3 Qa6 23. Nb5 Rc8 24. Rdc1 c4 25. bxc4 Qxa4 26. Rb4 Qxc2 27. Rxc2
Nc5 28. f3 Ra1 1/2-1/2

[Event "BL 8485 Solingen-Delmenhorst"]
[Site "?"]
[Date "1985.??.??"]
[Round "?.5"]
[White "Schlemermeyer, W."]
[Black "Werner, D."]
[Result "1-0"]
[WhiteElo "2220"]
[BlackElo "2365"]
[PlyCount "45"]
[EventDate "1985.??.??"]

1. e4 g6 2. d4 c6 3. Nf3 d5 4. Nbd2 Bg4 5. c3 Nf6 6. Bd3 Nbd7 7. e5 Nh5 8. Nf1
f5 9. h3 Bxf3 10. Qxf3 e6 11. g4 Ng7 12. h4 h5 13. gxf5 Nxf5 14. Rg1 Be7 15.
Rxg6 Nxh4 16. Qg3 Nf8 17. Rg7 Nf5 18. Bxf5 exf5 19. Ne3 Ne6 20. Nxf5 Nxg7 21.
Nxg7+ Kf7 22. e6+ Kf8 23. Qg6 1-0

[Event "BL 8485 Solingen-Delmenhorst"]
[Site "?"]
[Date "1985.??.??"]
[Round "?.6"]
[White "Borngaesser, R."]
[Black "Tielemann, K."]
[Result "1/2-1/2"]
[WhiteElo "2335"]
[BlackElo "2285"]
[PlyCount "101"]
[EventDate "1985.??.??"]

1. e4 c5 2. Nf3 Nc6 3. d4 cxd4 4. Nxd4 g6 5. c4 d6 6. Nc3 Nh6 7. Be2 Bg7 8. Be3
O-O 9. Qd2 Ng4 10. Bxg4 Bxg4 11. O-O Rc8 12. b3 a6 13. Rac1 Bd7 14. Rfe1 Nxd4
15. Bxd4 Bc6 16. Bxg7 Kxg7 17. Re3 Qa5 18. Rce1 Rfd8 19. h4 Qh5 20. Nd5 e6 21.
Ne7 Rc7 22. Nxc6 Rxc6 23. Rd3 Qe5 24. h5 gxh5 25. Rg3+ Kf8 26. Rg5 Qf6 27. Rxh5
Rc5 28. Rxh7 Ke7 29. Rh6 Qg7 30. Qf4 Rg8 31. g3 Rg5 32. Qh4 Ke8 33. Rh7 Qd4 34.
Re3 Rg4 35. Qh6 Rxe4 36. Qh5 Rf8 37. Rxe4 Qxe4 38. Rh6 Rg8 39. Qd1 Ke7 40. Kf1
Qf5 41. Rh5 Rg5 42. Rxg5 Qxg5 43. Qf3 d5 44. cxd5 exd5 45. Ke2 Qe5+ 46. Qe3 f6
47. f4 Qxe3+ 48. Kxe3 f5 49. Kd4 Kd6 50. b4 b6 51. a4 1/2-1/2

[Event "BL 8485 Solingen-Delmenhorst"]
[Site "?"]
[Date "1985.??.??"]
[Round "?.8"]
[White "Meyer, CD."]
[Black "Ditt, E."]
[Result "1-0"]
[WhiteElo "2315"]
[BlackElo "2300"]
[PlyCount "75"]
[EventDate "1985.??.??"]

1. e4 g6 2. d4 Bg7 3. Nf3 d6 4. Nc3 Nf6 5. Be2 O-O 6. O-O Bg4 7. Be3 Nc6 8. Qd2
e5 9. dxe5 dxe5 10. Rad1 Qc8 11. Qc1 Rd8 12. Rxd8+ Qxd8 13. Rd1 Qf8 14. h3 Bxf3
15. Bxf3 Rd8 16. Nb5 Rxd1+ 17. Qxd1 Qb8 18. c3 a6 19. Na3 Bf8 20. Nc4 b5 21.
Nd2 Qd8 22. a4 Na5 23. axb5 axb5 24. Be2 b4 25. Qa4 bxc3 26. bxc3 c6 27. Nf3
Nd7 28. Qa2 Be7 29. h4 Kg7 30. Ng5 Bxg5 31. Bxg5 Nf6 32. Qb1 Qc7 33. Qb4 c5 34.
Qa4 c4 35. Qb4 Nxe4 36. Bh6+ Kf6 37. Qf8 Nxc3 38. Bg4 1-0

[Event "BL 8485 Bochum-HSK"]
[Site "?"]
[Date "1985.??.??"]
[Round "?.2"]
[White "Sehner, N."]
[Black "Chandler, M."]
[Result "1-0"]
[WhiteElo "2315"]
[BlackElo "2540"]
[PlyCount "89"]
[EventDate "1985.??.??"]

1. c4 c5 2. Nc3 g6 3. g3 Bg7 4. Bg2 Nc6 5. d3 e6 6. e4 Nge7 7. Nge2 d6 8. Rb1
O-O 9. a3 b6 10. O-O Bb7 11. b4 Qd7 12. Be3 Rac8 13. f4 Nd4 14. Bf2 f5 15. Nxd4
cxd4 16. Nb5 fxe4 17. Nxd4 e5 18. fxe5 dxe5 19. Nb5 a6 20. dxe4 Qxd1 21. Rbxd1
axb5 22. cxb5 Rb8 23. Bxb6 Bxe4 24. Rxf8+ Bxf8 25. Bc7 Rb7 26. Bxe4 Rxc7 27. b6
Rc8 28. a4 Nf5 29. Rb1 Bh6 30. Rb3 Nd4 31. b7 Rd8 32. Rb2 Bc1 33. Rb1 Bd2 34.
a5 Kf7 35. a6 Nb5 36. Bd3 Na7 37. b5 Be3+ 38. Kg2 Bb6 39. Rd1 Rb8 40. Be4 Nxb5
41. Rb1 Ba7 42. Rxb5 Ke7 43. h4 Rf8 44. Bf3 Kd6 45. Rd5+ {ZÜ} 1-0

[Event "BL 8485 Bochum-HSK"]
[Site "?"]
[Date "1985.??.??"]
[Round "?.3"]
[White "Reefschlaeger, H."]
[Black "Budde, V."]
[Result "0-1"]
[WhiteElo "2425"]
[BlackElo "2360"]
[PlyCount "73"]
[EventDate "1985.??.??"]

1. d4 Nf6 2. c4 e6 3. g3 c5 4. d5 exd5 5. cxd5 b5 6. Bg2 d6 7. b4 Na6 8. a3 g6
9. Bb2 Bg7 10. Bc3 O-O 11. Nh3 Re8 12. Nf4 Bf5 13. O-O Rc8 14. Re1 g5 15. Nd3
Nc7 16. Nc1 Be4 17. bxc5 Bxg2 18. Kxg2 Ncxd5 19. Bxf6 Qxf6 20. Ra2 Rxc5 21. Rd2
Nc3 22. Nxc3 Rxc3 23. Na2 Rxa3 24. Rxd6 Qe7 25. Nc1 Ra1 26. Rd7 Qc5 27. e4 Qc6
28. Rd6 Qa8 29. Qg4 h6 30. h4 b4 31. hxg5 hxg5 32. Qxg5 b3 33. Rh1 Qxe4+ 34. f3
Qc2+ 35. Rd2 Qxd2+ 36. Qxd2 b2 37. Nb3 0-1

[Event "BL 8485 Bochum-HSK"]
[Site "?"]
[Date "1985.??.??"]
[Round "?.4"]
[White "Backwinkel, P."]
[Black "Behrhorst, F."]
[Result "1/2-1/2"]
[WhiteElo "2330"]
[BlackElo "2285"]
[PlyCount "83"]
[EventDate "1985.??.??"]

1. e4 Nf6 2. Nc3 d5 3. e5 Nfd7 4. f4 e6 5. Nf3 c5 6. d4 Nc6 7. Be3 cxd4 8. Nxd4
Nc5 9. Be2 Bd7 10. O-O a6 11. Qe1 Nxd4 12. Bxd4 Na4 13. Nxa4 Bxa4 14. Bd3 Bb5
15. f5 Bxd3 16. cxd3 Qd7 17. fxe6 Qxe6 18. Qg3 Rc8 19. Rf2 h5 20. Raf1 Rc7 21.
Qf3 g6 22. Qf6 Qxf6 23. Rxf6 Rh7 24. Rb6 Be7 25. a4 Kd7 26. b4 Kc8 27. h3 Rc2
28. Kh2 Kc7 29. a5 Rc6 30. b5 Rxb6 31. axb6+ Kb8 32. bxa6 bxa6 33. Ra1 Kb7 34.
Ra5 Rh8 35. Ra2 Rf8 36. Rf2 a5 37. g4 hxg4 38. hxg4 a4 39. Rc2 Rc8 40. Rf2 Rf8
41. Rc2 Rc8 42. Rf2 1/2-1/2

[Event "BL 8485 Bochum-HSK"]
[Site "?"]
[Date "1985.??.??"]
[Round "?.5"]
[White "Gruenberg, Ra"]
[Black "Beckemeyer, W."]
[Result "1/2-1/2"]
[WhiteElo "2255"]
[BlackElo "2325"]
[PlyCount "25"]
[EventDate "1985.??.??"]

1. d4 d6 2. c4 Nd7 3. Nc3 e5 4. Nf3 g6 5. e4 Bg7 6. d5 Ngf6 7. Bd3 O-O 8. h3 c6
9. Bg5 Qb6 10. O-O cxd5 11. cxd5 Nc5 12. Na4 Nxa4 13. Qxa4 1/2-1/2

[Event "BL 8485 Bochum-HSK"]
[Site "?"]
[Date "1985.??.??"]
[Round "?.6"]
[White "Sonntag, H."]
[Black "Hess, C."]
[Result "1-0"]
[WhiteElo "2305"]
[BlackElo "2260"]
[PlyCount "79"]
[EventDate "1985.??.??"]

1. d4 Nf6 2. c4 c5 3. d5 b5 4. a4 bxc4 5. Nc3 g6 6. e4 d6 7. Bxc4 Bg7 8. Nf3
O-O 9. O-O Ba6 10. Bb5 Bxb5 11. axb5 Nbd7 12. Nd2 Nb6 13. Nb3 Ne8 14. Na5 Nc7
15. Bg5 Qd7 16. Nc6 Rfe8 17. Qd3 e6 18. dxe6 Nxe6 19. Be3 a6 20. Nd5 Nxd5 21.
exd5 axb5 22. Qxb5 Nc7 23. Qb7 Rac8 24. Rfd1 Re4 25. Rac1 Rce8 26. b4 Bd4 27.
Nxd4 cxd4 28. Rxd4 Rxd4 29. Bxd4 Qg4 30. Be3 Re7 31. h3 Qd7 32. Bd4 Ne8 33.
Qxd7 Rxd7 34. b5 f6 35. b6 Kf7 36. Kf1 f5 37. Ke2 Ke7 38. Kd3 Rb7 39. Ra1 Kd7
40. Kc4 1-0